000 00352nam a22001577a 4500
020 _a978-0-143-33354-8
082 _a158
_bAPJ/R
100 _aABDULKALAM ,APJ
100 _aSRIJAN PAL SINGH
245 _aREIGNITED
250 _aFIRST
260 _aLONDON
_bPENGUIN BOOKS
300 _a257
650 _aHISTORY & FUTURE VISION
_zLONDON
942 _cBK
999 _c5535
_d5535